Eksperimentaľnoje issledovanije inžektora mnogozapjadnych iontob c ECR istočnikom = Merania parametrov injektora ťažkých iónov zo zdroja ECR

Salvato in:
Dettagli Bibliografici
Autore principale: Škotta, Andrej (Autore)
Altri autori: Nečas, Vladimír, 1954- (Relatore della tesi), Bogomolov, Sergej Leopoldovič (Relatore della tesi)
Natura: Manoscritto Libro
Lingua:russo
Pubblicazione: Bratislava : STU v Bratislave FEI, 2001
Soggetti:
Tags: Aggiungi Tag
Nessun Tag, puoi essere il primo ad aggiungerne!!

MARC

LEADER 00000ntm a22000003a 4500
001 stu73313
005 20150617225649.1
008 020124s2001------------------------rus-d
040 |a STU  |b slo 
041 0 |a rus 
100 1 |a Škotta, Andrej  |4 aut  |u E160  |U FEI Fakulta elektrotechniky a informatiky  |T FEI Katedra jadrovej fyziky a techniky  |U E160  |Y 63 
245 1 |a Eksperimentaľnoje issledovanije inžektora mnogozapjadnych iontob c ECR istočnikom = Merania parametrov injektora ťažkých iónov zo zdroja ECR 
260 |a Bratislava :  |b STU v Bratislave FEI,  |c 2001 
300 |a 50 s 
650 7 |a Elektroenergetické a silnoprúdové inžinierstvo  |2 stusub 
700 1 |a Nečas, Vladimír,  |d 1954-  |4 ths  |u E060  |U FEI Fakulta elektrotechniky a informatiky  |T FEI Ústav jadrového a fyzikálneho inžinierstva  |X 1934  |U E060  |Y 817  |7 A000001934 
700 1 |a Bogomolov, Sergej Leopoldovič  |4 ths